| 000 | 00493nam a2200169 a 4500 | ||
|---|---|---|---|
| 005 | 20140412111243.0 | ||
| 008 | 001220s19uu xx 00 eng d | ||
| 020 | _a0-307-00110-5 | ||
| 050 |
_aER _bGa11ca 1990 |
||
| 100 | _aSimone, Norma | ||
| 245 |
_aGarfield the cat show / _ccreated by Jim Davis ; story by Norma Simone. |
||
| 260 |
_aNew York : _bA Golden Book, _c1990. |
||
| 300 | _a1 v. (unp.) ; ill. | ||
| 650 | _aChildren's stories -- Fiction | ||
| 999 |
_c102813 _d102813 |
||